000 00360nam a2200145Ia 4500
008 230711s9999||||xx |||||||||||||| ||und||
041 _aENG
082 _a624
_bCI-G
100 _aInstitute of Civil Engineers
245 0 _aGeotechnical instrumentation
250 _a1st
260 _c1990
_aNew York
_bThomas Telford
650 _aCivil Engineering
942 _cBK
999 _c397
_d397